Loading...
| Social Science | 0 | 3 | 1 | 0 | 25 | 82 | 101.00 | 0 | 2 | 5.43 | 8.13 |
| Fine Arts - Painting & Sculpture | 0 | 4 | 3 | 1 | 25 | 95 | 122.25 | 0 | 1 | 0.00 | 0.00 |
| Fine Arts - Other | 0 | 2 | 0 | 0 | 20 | 87 | 89.50 | 0 | 2 | 5.38 | 9.09 |
| History - Other | 0 | 2 | 0 | 1 | 20 | 91 | 113.00 | 0 | 1 | 5.28 | 9.09 |
| Philosophy | 0 | 2 | 0 | 1 | 20 | 119 | 125.50 | 0 | 1 | 7.77 | 17.46 |
| Mythology | 0 | 2 | 1 | 0 | 15 | 127 | 131.50 | 0 | 2 | 0.00 | 0.00 |
| History - American | 0 | 2 | 1 | 0 | 15 | 91 | 103.00 | 0 | 0 | 21.93 | 37.01 |
| History - World | 0 | 2 | 1 | 1 | 15 | 95 | 115.00 | 0 | 2 | 29.29 | 41.56 |
| Literature - European | 0 | 1 | 0 | 0 | 10 | 138 | 138.00 | 0 | 1 | 4.29 | 14.27 |
| History - European | 0 | 2 | 2 | 0 | 10 | 48 | 90.00 | 1 | 1 | 11.73 | 20.71 |
| Literature - British | 0 | 1 | 0 | 0 | 10 | 110 | 110.00 | 0 | 0 | 11.69 | 14.45 |
| Other | 0 | 1 | 0 | 0 | 10 | 105 | 105.00 | 0 | 0 | 0.00 | 0.00 |
| Religion | 0 | 2 | 3 | 0 | 5 | 94 | 113.50 | 1 | 2 | 17.08 | 28.54 |
| Fine Arts - Classical Music | 0 | 1 | 1 | 0 | 5 | 133 | 133.00 | 0 | 0 | 11.14 | 16.04 |
| Literature - World | 0 | 0 | 0 | 0 | 0 | 0.00 | 0 | 0 | 8.99 | 17.05 | |
| Science - Other | 0 | 0 | 0 | 0 | 0 | 0.00 | 0 | 0 | 0.00 | 0.00 |